00509nam a2200169Ia 4500003000400000008004100004040001600045082001900061100002000080245009200100700002600192260003900218300001100257490000500268650002800273650003800301GCL140319s9999 xx 000 0 ara d aGCL / cGCL04a813.083bم ا1 aلويس عوض10a"القاتل خارج السجن ""مسرحية فى 3 فصول""" / cلويس عوض1 aمحمد سلماوى a[S.N] : bدار الف للنشر a118 ص a04aالادب العربى04aالمسرحيات العربية